To the rescue! / (Record no. 2316)

MARC details
000 -LEADER
fixed length control field 01111cam a22002777a 4500
005 - DATE AND TIME OF LATEST TRANSACTION
control field 20241104092623.0
020 ## - INTERNATIONAL STANDARD BOOK NUMBER
International Standard Book Number 9780060835477
020 ## - INTERNATIONAL STANDARD BOOK NUMBER
International Standard Book Number 9780060835484
040 ## - CATALOGING SOURCE
Original cataloging agency DLC
Transcribing agency DLC
Modifying agency DLC
Language of cataloging eng
050 00 - LIBRARY OF CONGRESS CALL NUMBER
Classification number MLCM 2011/40789 (P)
082 ## - DEWEY DECIMAL CLASSIFICATION NUMBER
Classification number 813.6
100 1# - MAIN ENTRY--PERSONAL NAME
Personal name Mayer, Mercer
Dates associated with a name 1943-
245 10 - TITLE STATEMENT
Title To the rescue! /
Statement of responsibility, etc. by Mercer Mayer.
250 ## - EDITION STATEMENT
Edition statement First Edition
260 ## - PUBLICATION, DISTRIBUTION, ETC.
Place of publication, distribution, etc. New York :
Name of publisher, distributor, etc. HarperCollins Publishers,
Date of publication, distribution, etc. 2008
300 ## - PHYSICAL DESCRIPTION
Extent 32 pages :
Other physical details Illustrations
Dimensions 23 cm
490 0# - SERIES STATEMENT
Series statement I can read! My first shared reading
500 ## - GENERAL NOTE
General note "Mercer Mayer's Little Critter"--Jkt.
505 ## - FORMATTED CONTENTS NOTE
Formatted contents note F <br/>
520 ## - SUMMARY, ETC.
Summary, etc. Uh-oh, Dad needs help! When Dad is locked in the basement, Little Critter knows just what to do. He picks up the phone to dial three numbers. The firemen arrive in just a few minutes to rescue Dad . . . but they can't stay long to share in the excitement. They have another job to do. Join Little Critter as he shares his 9-1-1 smarts!
521 ## - TARGET AUDIENCE NOTE
Target audience note 350 <br/>
Source Lexile<br/>
521 ## - TARGET AUDIENCE NOTE
Target audience note F <br/>
Source Raz-Plus<br/>
906 ## - LOCAL DATA ELEMENT F, LDF (RLIN)
a 7
b cbc
c orignew
d 4
e epcn
f 20
g y-gencatlg
942 ## - ADDED ENTRY ELEMENTS (KOHA)
Source of classification or shelving scheme Dewey Decimal Classification
Koha item type Books
Suppress in OPAC No
999 ## -
-- 2316
-- 2316
Holdings
Withdrawn status Lost status Source of classification or shelving scheme Damaged status Not for loan Collection Home library Current library Shelving location Date acquired Total Checkouts Full call number Barcode Date last seen Copy number Price effective from Koha item type Date last checked out
    Dewey Decimal Classification     Juvenile Fiction Footprints International School Library Network Toul Kork Campus Footprints International School Library Network Toul Kork Campus TK Primary Library Room(4th Floor), Bookcase 7, Shelves 57-60, Dark Green Books 11/16/2023   MAY 813.6 MLCM 2011/40789 (P) FISTK00856 11/16/2023 1 11/16/2023 Books  
    Dewey Decimal Classification     Juvenile Fiction Footprints International School Library Network Toul Kork Campus Footprints International School Library Network Toul Kork Campus TK Primary Library Room(4th Floor), Bookcase 7, Shelves 57-60, Dark Green Books 07/19/2024   MAY 813.6 MLCM 2011/40789 (P) FISTK02843 07/19/2024 2 07/19/2024 Books  
    Dewey Decimal Classification     Juvenile Fiction Footprints International School Library Network Toul Kork Campus Footprints International School Library Network Toul Kork Campus TK Primary Library Room(4th Floor), Bookcase 7, Shelves 57-60, Dark Green Books 10/28/2024   MAY 813.6 MLCM 2011/40789 (P) FISBK02838 10/28/2024 3 10/28/2024 Books  
    Dewey Decimal Classification     Juvenile Fiction Footprints International School Library Network Toul Kork Campus Footprints International School Library Network Toul Kork Campus TK Primary Library Room(4th Floor), Bookcase 7, Shelves 57-60, Dark Green Books 11/04/2024 2 MAY 813.6 MLCM 2011/40789 (P) FISTK00855 03/25/2026 4 11/04/2024 Books 12/10/2025